| 000 | 00937nam a22001937a 4500 | ||
|---|---|---|---|
| 003 | BR-ViAPE | ||
| 005 | 20260602114016.0 | ||
| 008 | 260602m18981899por g lllls000 0 por d | ||
| 040 | _cBR-ViAPE | ||
| 110 |
_aEspírito Santo _bEstado |
||
| 245 |
_aGoverno municipal da Villa de Santa Thereza: _bdecreto nº 12 de 3 de novembro de 1898: orça a receita e fixa a despesa para o exercício de 1899 |
||
| 260 |
_aVitória _bPapelaria e Typ. de A. Moreira Dantas _c1898 |
||
| 300 |
_a8 p. _bDocumento digitalizado (PDF) |
||
| 500 | _aDocumento digitalizado do acervo institucional do Arquivo Público do Estado do Espírito Santo - APEES. | ||
| 650 |
_aLegislação _xDecretos _zSanta Teresa (ES) |
||
| 651 | _aEspírito Santo (Brasil) | ||
| 856 |
_uhttps://ape.es.gov.br/Media/ape/PDF/Livros/Livros_Historicos/Obras_raras/seculo_XIX/APEES_OR_dec_munic_santa_tereza_1898.pdf _yCLIQUE AQUI PARA ACESSAR O DOCUMENTO |
||
| 942 |
_2ddc _cOBRAS_RARA _n1 |
||
| 999 |
_c748 _d748 |
||